000 00629cam a22002291 4500
001 sa 65001720
003 DLC
005 20260227112111.0
008 900109s1964 ii b 000 0 hino
010 _asa 65001720
035 _a(OCoLC)20865099
040 _aDLC
_cWaU
_dDLC
042 _apremarc
050 0 0 _aPK2095.T8
_bR349
100 1 _aŚukla, Śivakumāra,
_d1904-
245 1 0 _aRāmacaritamānasa kā tulanātmaka adhyayana.
260 _c[1964]
300 _a421, 5 p.
_c23 cm.
500 _aIn Hindi.
504 _aBibliography: p. [1]-5 (2d group)
600 0 0 _aTulasīdāsa,
_d1532-1623.
_tRāmacaritamānasa.
999 _c62183
_d62183